| 000 | 00419nam a2200145 a 4500 | ||
|---|---|---|---|
| 001 | 000032142 | ||
| 005 | 20200930063451.0 | ||
| 008 | 110713nuuuuuuuudr a 000 | spa d | ||
| 040 |
_aDO-SdBNP _bspa _cBNPHU |
||
| 082 |
_axxx _bP293j |
||
| 245 | 0 | 3 | _aLa pastoral juvenil y la doctrina social de la iglesia. |
| 260 |
_aSanto Domingo : _bCasa de la Juventud, _c[19--?]. |
||
| 300 |
_a50 p. : _bil. ; _c21 cm. |
||
| 049 | _aBNPD | ||
| 999 |
_c31633 _d31633 |
||